عرض عادي
عرض مارك
- Inverse problems (Differential equations)
مدخل مصطلح موضوعي
001 - رقم الضبط
- حقل الضبط: 5697
003 - معرف رقم الضبط
- حقل الضبط: OSt
005 - تاريخ ووقت أخر عملية
- حقل الضبط: 20111026232037.0
008 - عناصر بيانات ثابتة الطول
- حقل تحكم ثابت الطول: 111026|||a|||||| | ||| d
040 ## - مصدر الفهرسة
- هيئة الفهرسة الأصلية: OSt
- وكالة الكتابة: OSt
150 ## - مدخل-- مصطلح تاريخي
- عنصر مدخل المصطلح الموضوعي او الاسم الجغرافي: Inverse problems (Differential equations)
- تفريع شكلي: Handbooks, manuals, etc.
670 ## - بيانات المصدر موجوده
- الاستشهاد بالمصدر: Work cat.: (OSt)589: Inverse engineering handbook /, c2003.
